01454cam a2200421 i 450000100060000000300090000600500170001500800390003201500180007102000150008903500210010404000280012504600090015308000130016208000100017508000120018510000390019724500950023626000620033130000490039333600270044233700540046933800280052338000160055138800100056749000280057750400350060565000250064065000270066565500300069265800510072265800300077365800160080370000400081971000480085983000270090785600980093455191KOSZ 00520201112122437.0080506s2006 pl a f f |001 0 pol aPB 2005/11056 a8389574764 a(OCoLC)749669461 aWA NcWA NdKOSZ 005/HR k2005 a32.019.5 a316.6 a(075.8)1 aCwalina, Wojciechd(1971- )eAutor10aMarketing polityczny :bperspektywa psychologiczna /cWojciech Cwalina, Andrzej Falkowski. aGdańsk :bGdańskie Wydawnictwo Psychologiczne,c2006. a670 s. :bil., fot., portr., wykr. ;c25 cm. 2rdacontentaTekstbtxt 2rdamediaaBez urządzenia pośredniczącegobn 2rdacarrieraWoluminbnc aKsiążki a2001-1 aPsychologia Polityczna. aBibliogr. s. 617-653. Indeksy. 4aMarketing polityczny 4aPsychologia społeczna 4aPodręczniki akademickie aPolityka, politologia, administracja publiczna aZarządzanie i marketing aPsychologia1 aFalkowski, Andrzejd(1953- )eAutor2 aGdańskie Wydawnictwo Psychologiczne4pbl. 0aPsychologia Polityczna uhttp://koha.tu.koszalin.pl/cgi-bin/koha/opac-detail.pl?biblionumber=55191yKatalog online BPK